Fr. Conceicao Rodrigues College of Engineering

Elements Of Mechanical Engineering (Record no. 26724)

MARC details
000 -LEADER
fixed length control field 00336nam a2200145Ia 4500
082 ## - DEWEY DECIMAL CLASSIFICATION NUMBER
Classification number 621.01
Item number ROY
100 ## - MAIN ENTRY--PERSONAL NAME
Personal name Roy/K.P/ Hajra Choudhury
245 ## - TITLE STATEMENT
Title Elements Of Mechanical Engineering
260 ## - PUBLICATION, DISTRIBUTION, ETC.
Name of publisher, distributor, etc. Asia publishing house
Place of publication, distribution, etc. Bombay
Date of publication, distribution, etc. 1966
300 ## - PHYSICAL DESCRIPTION
Extent 367
546 ## - LANGUAGE NOTE
Language note ENGLISH
654 ## - SUBJECT ADDED ENTRY--FACETED TOPICAL TERMS
Focus term Mechanical
942 ## - ADDED ENTRY ELEMENTS (KOHA)
Koha item type BOOK
Holdings
Withdrawn status Lost status Damaged status Not for loan Collection Home library Current library Date acquired Total Checkouts Full call number Barcode Date last seen Price effective from Koha item type
        AFT Fr. Agnel's C.Rodrigues College of Engineering Fr. Agnel's C.Rodrigues College of Engineering 17/03/2023   621.01 ROY AFT1961 17/03/2023 17/03/2023 BOOK